Tragkonstruktionen von Industrieanlagen und Kraftwerken in Ungarn

Bibliographic Details
Main Author: Koncz, A. (Author)
Format: Article
Language:German
Subjects:

MARC

LEADER 00000nab a2200000 a 4500
001 vtls000305506
003 SK-MaSNL
005 20260318121813.0
008 160202c1986 xo 0 ger
015 |a SNBRA19rr/mm-uuuuu 
035 |a CL0315625 
040 |a SNKBUCL  |b slo  |c SNKBUCL  |e AACR2 
041 0 |a ger 
044 |a xo  |c SK 
080 |a 725.4(439):693.9  |2 1981 
080 |a 693.9  |2 1981 
100 1 |a Koncz, A.  |4 aut  |9 1555203 
245 1 0 |a Tragkonstruktionen von Industrieanlagen und Kraftwerken in Ungarn  |c A. Koncz 
650 0 7 |a priemyselné stavby  |2 snkbucl  |9 3007 
650 0 7 |a nosné konštrukcie  |2 snkbucl  |9 67315 
651 7 |a Maďarsko  |2 snkbucl  |9 16754 
655 7 |a články zo zborníkov  |2 snkbucl  |9 166140 
773 0 |t Ďalší rozvoj priemyselnej architektúry a urbanizmu z hľadiska nových poznatkov  |d Bratislava : Dom techniky ČSVTS, 1986 
850 |a Slovenská národná knižnica v Martine  |a MTA001 
852 |a SNK  |b KIS3GCP 
958 |a RK 
958 |a HU 
958 |a DE 
992 |a RZB 
999 |c 3162621  |d 3164551